01944nam a2200313 a 450000500170000000800410001704000120005804100080007004400070007810000250008524501480011026000520025830000110031052009420032165000340126365000120129765000180130965000390132766200360136670000210140270000250142370000280144870000280147670000280150470000200153270000280155270000240158070000260160420180803165401.0140129b2003 ck ||||| |||| 00| 0 spa d cCO-BoIH aspa ack aRenjifo, Luis Miguel aCaracterización biológica y socioeconómica de la ventana de paisaje rural ganadero en el Cañón del río Barbas, Filandia (Quindío) aArmeniabInstituto Alexander von Humboldtc2003 a113 p. aCon el objetivo de evaluar el estado de la biodiversidad asociada a los diferentes tipos de paisaje rural en la zona de estudio, se realizó la caracterización biológica y sociocultural en la ventana de paisaje rural ganadero de 2.500 ha, la cual está ubicada en el cañón del río Barbas, entre los municipios de Filandia (Quindío) y Pereira (Risaralda). Para ellos se realizó la caracterización de la vegetación, analizando su riqueza, composición, complementariedad, estructura horizontal y vertical, así como las especies amenazadas que se encontraron. Igualmente se realizó la caracterización de la diversidad de hormigas en el suelo y el grupo de las aves. Para la caracterización socioeconómica se definió la metodología y por medio de visitas y encuestas realizadas a los predios de la zona se obtuvieron los resultados. Presenta una sección de resultados y conclusiones generales del estudio aCaracterización biológica aVentana aPaisaje rural aCaracterización socioeconómica aColombiacRío BarbasbQuindio aLozano, Fabio H. aJiménez, Elizabeth aCaycedo, Paula Catalina aMendoza, Javier Eduardo aRamirez, Diana Patricia aVargas, William aQuevedo, Fabio Leonardo aFranco , Luis Edier aCardona, Pedro José